| 000 | 00526nam a2200205 a 4500 | ||
|---|---|---|---|
| 001 | BRL_621 | ||
| 005 | 20190320210826.0 | ||
| 008 | 110913s1964----nyu#######---#000-1#eng-# | ||
| 041 | _aeng | ||
| 044 | _anyu | ||
| 050 | 4 |
_aPZ3.O5435 _b.B75 1964 |
|
| 100 | 1 |
_aBride, Ann _d1889-1974 _924451 |
|
| 245 | 1 | 0 |
_aThe Portuguese Escape _cAnn Bride. |
| 260 |
_aNew York _bBerkley Publishing Corporation _c1964 |
||
| 300 |
_a272 p. _c18 cm. |
||
| 500 | _aAu691 | ||
| 650 | 1 | 4 |
_aNovela policiaca _923905 |
| 902 | _aGRL | ||
| 942 |
_2lcc _cB |
||
| 999 |
_c9433 _d9433 |
||